Statistics for Internet Brand Logos

Click here to take the quiz!

General Stats

  • This quiz has been taken 4,187 times
    (3,426 since last reset)
  • The average score is 19 of 21

Answer Stats

Answer% Correct
Amazon
100%
Google
98%
Twitter
98%
YouTube
98%
Facebook
97%
Instagram
96%
Wikipedia
96%
Firefox
95%
Gmail
95%
SnapChat
95%
Spotify
95%
Yahoo
94%
Paypal
91%
Skype
90%
Netflix
89%
Internet Explorer
88%
Microsoft
87%
Safari
87%
iTunes
85%
Reddit
81%
JetPunk
73%

Score Distribution

Percentile by Number Answered

Percent of People with Each Score

Your Score History

You have not taken this quiz since the last reset